000 00640nam a2200265Ia 4500
005 20260121172723.0
008 008 260114s9999 xx 000 0 eng d
020 _a9783030862053
037 _aEBOOK
040 _aCRL
040 _beng
040 _cCRL
041 _2eng
041 _aeng
084 _qCRL
100 _aBoris Konev, Giles Reger
_91091909
245 0 _aFrontiers of Combining Systems
260 _bSpringer
260 _bSpringer
260 _c2021
856 _uhttps://link.springer.com/openurl?genre=book&isbn=978-3-030-86205-3
942 _cEBOOK
999 _c1657649
_d1657649